Tilastot visalle Aurinko-visa

Klikkaa tästä pelataksesi tätä visaa!

Yleistilastot

  • Tätä visaa on pelattu 435 kertaa
  • Keskiarvotulos 9 / 20

Vastaustilastot

KysymysVastaus% Oikein
Mikä on Aurinkoa lähimpänä oleva planeetta?Merkurius
95%
Mikä valtio tunnetaan "nousevan auringon maana"?Japani
78%
Mitkä kaksi alkuainetta kattavat 98 % Auringon painosta?Vety
72%
Minkäläinen tähti siitä tulee noin 5 miljardin vuoden kuluttua?Punainen {jättiläinen}
66%
Mikä on nimi Auringosta peräisin olevalle hiukkasvirralle, joka aiheuttaa revontulet?Aurinko{tuuli}
65%
Kuka Ranskan kuningas tunnettiin nimellä "Aurinkokuningas"?Ludvig XIV
55%
Mitkä kaksi alkuainetta kattavat 98 % Auringon painosta?Helium
52%
Kuka oli muinaisessa Egyptissä auringon jumala?Ra
52%
Kuka tähtitieteilijä esitti aurinkokeskeisen maailmankuvan 1543?Nikolaus Kopernikus
50%
Mikä on Auringossa sijaitsevan väliaikaisen tummemman alueen nimi?Auringon{pilkku}
45%
MIkä prosessi tuottaa energiaa Auringossa?{Fuusio}reaktio
44%
Millainen tähti Aurinko on?Keltainen {kääpiö}
43%
Missä uskonnossa Aurinkoa palvotaan Surya-jumalana?Hindulaisuus
40%
Mikä on neljäs aineen olomuoto, josta Aurinko koostuu?Plasma
38%
Mikä on Auringon uloimman kerroksen nimi?Korona
30%
Mikä on Aurinkoa lähimpänä oleva tähti?Proxima Centauri
21%
Mikä on tieteellinen nimi Maan ja Auringon väliselle pituudelle?{Astronominen} yksikkö
19%
Millä nimellä kutsutaan hetkeä, jolloin Auringon keskipiste on päiväntasaajan yllä?Päiväntasaus
18%
Mikä on yllä olevan vastakohta? Päivänseisaus
15%
Mikä on nimi yhtäkkiselle kirkkaalle purkaukselle, joka saa alkunsa Auringosta?Auringon {soihtu}
9%

Tulosjakauma

Persentiili vastausten määrän mukaan

Jokaisen tuloksen saaneiden osuus

Tuloshistoriasi

Et ole pelannut tätä visaa